Countries Containing J - Statistics

General Stats
  • This quiz has been taken 5,148 times
  • The average score is 6 of 7
Answer Stats
Country % Correct
Japan
94%
Jamaica
92%
Jordan
90%
Azerbaijan
74%
Tajikistan
70%
Djibouti
68%
Fiji
66%
No matching quizzes found
Score Distribution
Percent of People with Each Score
Percentile by Number Answered
Your Score History
You have not taken this quiz